| 000 | 00577nam a2200205Ia 4500 | ||
|---|---|---|---|
| 005 | 20250923145952.0 | ||
| 008 | 008 250917s9999 xx 000 0 eng d | ||
| 037 | _aTextual | ||
| 040 |
_aDSWL _beng _cDSWL |
||
| 041 |
_aeng _2eng |
||
| 084 |
_aY15:4.2, N97 _qDSWL |
||
| 100 |
_aSharma, B. _9840835 |
||
| 245 | 0 |
_aWomen Marriage, Family Violence and Divorce _c by B. Sharma |
|
| 260 |
_aJaipur _b M.D. Publications _c1997 |
||
| 300 | _av,176 p. | ||
| 365 |
_aINR _b350.00 |
||
| 925 | _g350.00 | ||
| 942 |
_cTEXL _hY15:4.2, N97 |
||
| 999 |
_c1457946 _d1457946 |
||